000
00307nam a22001337a 4500
041
_a
ENG
100
_a
Roberts .M.B.V
245
_a
Biology A functional Approach
250
_a
4th Ed
260
_a
Delhi
_b
Thomas Nelon And Sons
_c
1999
300
_a
693
650
_a
Agricultural
856
_u
Agricultural
999
_c
623
_d
623